| 000 | 00759nam a2200181 a 4500 | ||
|---|---|---|---|
| 001 | 000043110 | ||
| 005 | 20250115114738.0 | ||
| 008 | 140219s2001 sp ac 000 0 spa d | ||
| 020 | _a8436934903 | ||
| 040 |
_aDO-SdBNP _bspa _cBNPHU |
||
| 100 | 1 |
_aVera, Cristino _970644 |
|
| 245 | 1 | 0 |
_aCristino de Vera : _bmuseo arqueológico nacional, 19 de diciembre de 2001 - 17 de febrero de 2002 / _cCristino de Vera. |
| 260 |
_a[Madrid] : _bMinisterio de Educación, Cultura y Deporte _bSecretaría de Estado de Cultura, _c2001. |
||
| 300 |
_a157 p. : _bil., retrs. ; _c26 cm. |
||
| 500 | _aIncluye datos biografícos del autor | ||
| 710 | 1 | 2 |
_aMinisterio de Educación, Cultura y Deporte _960914 |
| 710 | 1 | 2 |
_a República Dominicana. _b Secretaría de Estado de Cultura _96453 |
| 999 |
_c42599 _d42599 |
||